Nové formy v marketingovej komunikácii

Nové trendy v marketingovej komunikácii. Charakteristika a využívanie nových foriem marketingu: guerilla marketing, ambush marketing, buzz marketing, virálny marketing. Product placement.

Guardado en:
Detalles Bibliográficos
Autor principal: Nemečková, Soňa
Formato: Capítulo de libro
Lenguaje:eslovaco
Materias:
Etiquetas: Agregar Etiqueta
Sin Etiquetas, Sea el primero en etiquetar este registro!

MARC

LEADER 00000naa$a2200000$$$4500
001 0145127
005 20240502072616.0
041 0 |a slo 
044 |a SK 
245 1 0 |a Nové formy v marketingovej komunikácii  |c Soňa Nemečková 
520 |a Nové trendy v marketingovej komunikácii. Charakteristika a využívanie nových foriem marketingu: guerilla marketing, ambush marketing, buzz marketing, virálny marketing. Product placement. 
610 2 0 |a marketing 
610 2 0 |a komunikácia marketingová 
610 2 0 |a vývoj 
610 2 0 |a zákazníci 
610 2 0 |a produkty 
610 2 0 |a internet 
610 2 0 |a médiá 
100 1 |a Nemečková, Soňa